000 00307nam a22001337a 4500
008 170906b xxu||||| |||| 00| 0 eng d
020 _a2901585035075
041 _aeng
080 _a72
100 _a41
101 _aARK
245 _aRESIDENTIAL DESIGN USING AUTODESK REVIT
_cSTINE,D.J
942 _2udc
_cBK
999 _c26383
_d26383